000 00368nam a22001457a 4500
003 MACL
005 20200805132305.0
008 200805b xxu||||| |||| 00| 0 eng d
040 _cMACL
100 _aVivekanad,Swami
_979274
245 _aThe Life of Swami Vivekananda
260 _aKolkata
_bSwami Muktidananda
_c2018
650 _abiography
_979275
942 _2ddc
_cBK
999 _c62852
_d62852